000 00539 a2200181 4500
003 OSt
005 20231214155031.0
008 231214b |||||||| |||| 00| 0 eng d
020 _a9789350144183
040 _coclc
082 _a620.11
_bRAJ/T
100 1 _aRajput, R. K.,
_d1944-
_910119
245 _aA textbook of material science and engineering,
_bSI units
_cEr. R K Rajput
250 _a5th ed.
260 _bS K Kataria & sons
_c2019.
300 _a1118p
942 _2ddc
_cBK
_h620.11
_iRAJ/T
_k620.11
_mRAJ/Y
999 _c44225
_d44225